MARC

LEADER 00000nam0a2200000 4500
001 95587
005 20231031110213.0
035 |a (RuTPU)RU\TPU\book\102349 
090 |a 95587 
100 |a 20060429d1965 m y0rusy50 ca 
101 0 |a rus 
102 |a RU 
105 |a a z 001zy 
200 1 |a Процессы сушки в целлюлозно-бумажном производстве  |f П. А. Жучков 
210 |a Москва  |c Лесная промышленность  |d 1965 
215 |a 252 с.  |c черт. 
320 |a Библиогр.: с. 248-249. 
610 1 |a целлюлозно-бумажная промышленность 
610 1 |a процессы 
610 1 |a сушка 
610 1 |a конструкции 
610 1 |a тепловые схемы 
675 |a 676.1  |v 3 
675 |a 661.713  |v 3 
700 1 |a Жучков  |b П. А.  |g Павел Алексеевич 
801 1 |a RU  |b 63413507  |c 20060429  |g PSBO 
801 2 |a RU  |b 63413507  |c 20060503  |g PSBO 
942 |c BK